000 00898nam a2200217Ii 4500
003 JO-AjNU
008 230605s9999||||xx |||||||||||||| ||und||
017 _a2004/15689
020 _a977-277-498-1
040 _aJO-AjNU
_bara
_erda
_cJO-AjNU
041 _aara
050 1 4 _aPJ6101.I262.2004
100 3 _aتأليف ابن هشام، عبد الله بن يوسف بن أحمد ، عبد الحميد، محمد محيي الدين,
_eauthor
_926812
245 0 0 _aأوضح المسالك إلى ألفية ابن مالك / عدة السالك إلى تحقيق أوضح المسالك
264 3 1 _aالقاهرة: دار الطلائع، 2004
300 _aج1،(1-2)، 319ص
336 _atext
_btxt
_2rdacontent
337 _aunmediated
_bn
_2rdamedia
338 _avolume
_bnc
_2rdacarrier
650 4 _aاللغة العربية -- نحو -- اللغة العربية -- صرف
_926813
999 _aA10204
_c13772
_d13772